000 00991nam a22002297a 4500
999 _c92636
_d92636
005 20181126160716.0
010 _aHIN-105293
020 _a9789350642702
_c150.00
020 _a9789350642702
_c175.00
035 _aHN-77639
037 _bDBAD / PUB
082 _a
100 _aचतुरसेन, आचार्य़
245 _aदेवांगना /
_cचतुरसेन
246 _aDevangna
_bby Chatursen
260 _aदिल्ली
_bराजपाल
_c2014
_c2017
270 _bदिल्ली
_a1590, मदरसा रोड, कश्मीरी गेट
_e110006
_k011-23869812, 23865483
_msales@rajpalpublishing.com
_l011-23867791
300 _a128पृ.
_c22 सें.मी.(अजिल्द)
650 _aहिन्दी कथा साहित्य
942 _2ddc
_cHN
_h
_mचतुर